[Event "SCO-ch 126th"]
[Site "Edinburgh"]
[Date "2019.07.13"]
[Round "8"]
[White "McNab, Colin Anderson"]
[Black "Turner, Matthew"]
[Result "1/2-1/2"]
[WhiteElo "2405"]
[BlackElo "2517"]
[PlyCount "23"]
[EventDate "2019.07.06"]
[EventType "swiss"]
[EventRounds "9"]
[EventCountry "SCO"]
[SourceTitle "CBM 191 Extra"]
[Source "ChessBase"]
[SourceDate "2019.09.30"]
[SourceVersion "1"]
[SourceVersionDate "2019.09.30"]
[SourceQuality "1"]

1. c4 c5 2. Nf3 Nf6 3. g3 g6 4. Bg2 Bg7 5. Nc3 Nc6 6. d3 d6 7. Bg5 h6 8. Bd2 Bg4 9. a3 0-0 10. Rb1 Nd4 11. Nxd4 cxd4 12. Nd5 1/2-1/2

[Event "SCO-ch 126th"]
[Site "Edinburgh"]
[Date "2019.07.12"]
[Round "7"]
[White "McNab, Colin Anderson"]
[Black "Wall, Tim"]
[Result "1/2-1/2"]
[WhiteElo "2405"]
[BlackElo "2246"]
[PlyCount "38"]
[EventDate "2019.07.06"]
[EventType "swiss"]
[EventRounds "9"]
[EventCountry "SCO"]
[SourceTitle "CBM 191 Extra"]
[Source "ChessBase"]
[SourceDate "2019.09.30"]
[SourceVersion "1"]
[SourceVersionDate "2019.09.30"]
[SourceQuality "1"]

1. Nf3 f5 2. g3 Nf6 3. Bg2 g6 4. b3 Bg7 5. Bb2 0-0 6. 0-0 d6 7. d4 Ne4 8. Nbd2 Nc6 9. c4 Nxd2 10. Qxd2 e5 11. dxe5 dxe5 12. Qd5+ Kh8 13. e4 Qe7 14. exf5 Rd8 15. Qe4 Bxf5 16. Qh4 Bf6 17. Qh6 Bg7 18. Qh4 Bf6 19. Qh6 Bg7 1/2-1/2

[Event "SCO-ch 126th"]
[Site "Edinburgh"]
[Date "2019.07.11"]
[Round "6"]
[White "Gormally, Daniel"]
[Black "McNab, Colin Anderson"]
[Result "1/2-1/2"]
[WhiteElo "2498"]
[BlackElo "2405"]
[PlyCount "57"]
[EventDate "2019.07.06"]
[EventType "swiss"]
[EventRounds "9"]
[EventCountry "SCO"]
[SourceTitle "CBM 191 Extra"]
[Source "ChessBase"]
[SourceDate "2019.09.30"]
[SourceVersion "1"]
[SourceVersionDate "2019.09.30"]
[SourceQuality "1"]

1. e4 d6 2. d4 g6 3. Nc3 Nf6 4. f4 Bg7 5. Nf3 0-0 6. Bd3 Nc6 7. e5 dxe5 8. fxe5 Nh5 9. Be3 Bg4 10. Be2 f6 11. exf6 exf6 12. 0-0 Ne7 13. h3 Be6 14. Re1 Ng3 15. Bd3 Bf7 16. Bf2 Ngf5 17. Ne4 Re8 18. Nc5 Qc8 19. c3 a6 20. Qa4 b6 21. Ne4 Nd5 22. c4 b5 23. cxb5 axb5 24. Qxb5 Rb8 25. Qa5 Rxb2 26. Nc3 Rxe1+ 27. Rxe1 Nf4 28. Be4 Bf8 29. Nd5 1/2-1/2

[Event "BCF-chT1a 1718 (4NCL)"]
[Site "England"]
[Date "2018.01.14"]
[Round "4.14"]
[White "McNab, Colin Anderson"]
[Black "Le Roux, Jean Pierre"]
[Result "1/2-1/2"]
[WhiteElo "2420"]
[BlackElo "2558"]
[PlyCount "189"]
[EventDate "2017.11.11"]
[EventType "team-swiss"]
[EventRounds "11"]
[EventCountry "ENG"]
[SourceTitle "EXT 2019"]
[Source "ChessBase"]
[SourceDate "2018.10.10"]
[SourceVersion "1"]
[SourceVersionDate "2018.10.10"]
[SourceQuality "1"]
[WhiteTeam "White Rose"]
[BlackTeam "Guildford"]
[WhiteTeamCountry "ENG"]
[BlackTeamCountry "ENG"]

1. Nf3 g6 2. c4 Bg7 3. g3 c5 4. Bg2 Nc6 5. Nc3 d6 6. d3 e6 7. Bg5 Nge7 8. Qc1 h6 9. Bd2 b6 10. 0-0 Bb7 11. Rb1 Rb8 12. b3 Nd4 13. Nxd4 cxd4 14. Nb5 Bxg2 15. Kxg2 a6 16. Na3 h5 17. Nc2 h4 18. Ne1 e5 19. Nf3 Nf5 20. Qa3 0-0 21. Qxa6 hxg3 22. hxg3 d5 23. cxd5 Nd6 24. Qa3 e4 25. dxe4 Nxe4 26. d6 Ra8 27. Qb4 Rxa2 28. Rbd1 Nxd6 29. Nxd4 Qa8+ 30. Nf3 Ne4 31. Kg1 Re8 32. Qxb6 Bc3 33. Bh6 Rxe2 34. Rd3 Bb2 35. Nd4 Nxg3 36. Rxg3 R2e4 37. Rxg6+ Kh7 38. Rg7+ Kh8 39. Nf5 R8e6 40. Qc7 Rxh6 41. Nxh6 Bxg7 42. Nxf7+ Kg8 43. Qd8+ Qxd8 44. Nxd8 Rb4 45. Ne6 Rxb3 46. Kg2 Kf7 47. Ng5+ Kg6 48. Ne4 Be5 49. f4 Re3 50. Ng3 Bd6 51. Kh3 Ra3 52. Kg4 Ra4 53. Nh5 Rd4 54. Ra1 Kf7 55. Ra7+ Ke6 56. Rg7 Ra4 57. Rg6+ Ke7 58. Kg5 Ra1 59. Rh6 Bxf4+ 60. Nxf4 Ra5+ 61. Kg4 Kd7 62. Nd3 Rd5 63. Rh3 Kd6 64. Kf4 Rd4+ 65. Ke3 Ra4 66. Rh6+ Kd5 67. Rh5+ Kd6 68. Nc5 Ra1 69. Kd4 Kc6 70. Rh6+ Kc7 71. Nb3 Rg1 72. Kc4 Kd7 73. Nc5+ Kc7 74. Nd3 Rd1 75. Ne5 Rc1+ 76. Kd5 Rd1+ 77. Kc5 Rc1+ 78. Nc4 Kd7 79. Ra6 Ke7 80. Kd5 Rd1+ 81. Ke4 Re1+ 82. Ne3 Kf7 83. Kd4 Ke7 84. Nd5+ Kd7 85. Nf6+ Ke7 86. Kd5 Rb1 87. Ke5 Re1+ 88. Ne4 Kd7 89. Rd6+ Ke7 90. Rd2 Rh1 91. Ra2 Rh5+ 92. Kd4 Rh1 93. Ra7+ Ke6 94. Ra6+ Ke7 95. Ra7+ 1/2-1/2

[Event "BCF-chT1a 1718 (4NCL)"]
[Site "England"]
[Date "2017.11.12"]
[Round "2.25"]
[White "Longson, Alexander"]
[Black "McNab, Colin Anderson"]
[Result "1/2-1/2"]
[WhiteElo "2317"]
[BlackElo "2420"]
[PlyCount "87"]
[EventDate "2017.11.11"]
[EventType "team-swiss"]
[EventRounds "11"]
[EventCountry "ENG"]
[SourceTitle "CBM 181 Extra"]
[Source "ChessBase"]
[SourceDate "2017.12.12"]
[SourceVersion "1"]
[SourceVersionDate "2017.12.12"]
[SourceQuality "1"]
[WhiteTeam "3CS Oldham"]
[BlackTeam "White Rose"]
[WhiteTeamCountry "ENG"]
[BlackTeamCountry "ENG"]

1. e4 g6 2. d4 d6 3. Bc4 Bg7 4. Nf3 e6 5. Bb3 Ne7 6. 0-0 0-0 7. Re1 b6 8. Nbd2 Nbc6 9. c3 e5 10. dxe5 Nxe5 11. Nxe5 dxe5 12. Qe2 Bb7 13. Nc4 Nc8 14. Rd1 Qe7 15. f3 Ba6 16. Qf2 Kh8 17. Be3 Bxc4 18. Bxc4 Nd6 19. Bd5 Rad8 20. a4 f5 21. Qe2 Bf6 22. Bh6 Bg7 23. Be3 Bf6 24. a5 fxe4 25. Bxe4 Nxe4 26. fxe4 Bg5 27. axb6 Bxe3+ 28. Qxe3 axb6 29. Rd5 c6 30. Rxd8 Qxd8 31. Rf1 Rxf1+ 32. Kxf1 Qd1+ 33. Kf2 Qc2+ 34. Qe2 Qxe2+ 35. Kxe2 Kg7 36. g4 Kf6 37. h4 h5 38. gxh5 gxh5 39. Kd3 Ke6 40. Kc4 Kd6 41. Kb4 Kc7 42. Ka4 Kb7 43. b4 b5+ 44. Kb3 1/2-1/2

[Event "Dundee 150"]
[Site "Dundee"]
[Date "2017.07.23"]
[Round "9"]
[White "McNab, Colin Anderson"]
[Black "Cramling, Pia"]
[Result "0-1"]
[WhiteElo "2435"]
[BlackElo "2444"]
[PlyCount "70"]
[EventDate "2017.07.14"]
[EventType "tourn"]
[EventRounds "9"]
[EventCountry "SCO"]
[EventCategory "8"]
[SourceTitle "CBM 179 Extra"]
[Source "ChessBase"]
[SourceDate "2017.08.23"]
[SourceVersion "1"]
[SourceVersionDate "2017.08.23"]
[SourceQuality "1"]

1. Nf3 d5 2. g3 g6 3. Bg2 Bg7 4. d3 Nf6 5. 0-0 0-0 6. Nbd2 c5 7. e4 Nc6 8. exd5 Nxd5 9. Nc4 b6 10. Re1 Bb7 11. c3 Qc7 12. a4 Rad8 13. Qb3 Ba6 14. Qa3 Rd7 15. Bd2 Rfd8 16. Bh3 e6 17. Bg5 Re8 18. Rad1 h6 19. Bc1 Red8 20. Qb3 Qb8 21. Qc2 Ndb4 22. cxb4 Nxb4 23. Qe2 Nxd3 24. Bxe6 Nxe1 25. Rxe1 Re7 26. Bf4 Qb7 27. Bxf7+ Rxf7 28. b3 Qd5 29. h4 Bb7 30. Ncd2 Bc3 31. Qe6 Qxe6 32. Rxe6 Bxd2 33. Rxg6+ Kh7 34. Rxh6+ Kg7 35. Nxd2 Rxf4 0-1

[Event "Dundee 150"]
[Site "Dundee"]
[Date "2017.07.22"]
[Round "8"]
[White "Petr, Martin"]
[Black "McNab, Colin Anderson"]
[Result "1-0"]
[WhiteElo "2486"]
[BlackElo "2435"]
[PlyCount "77"]
[EventDate "2017.07.14"]
[EventType "tourn"]
[EventRounds "9"]
[EventCountry "SCO"]
[EventCategory "8"]
[SourceTitle "CBM 179 Extra"]
[Source "ChessBase"]
[SourceDate "2017.08.23"]
[SourceVersion "1"]
[SourceVersionDate "2017.08.23"]
[SourceQuality "1"]

1. e4 g6 2. d4 d6 3. Nc3 c6 4. Be3 Nf6 5. Qd2 Nbd7 6. f3 Bg7 7. h4 h5 8. Nh3 b5 9. Ng5 0-0 10. f4 b4 11. Nd1 c5 12. e5 cxd4 13. Bxd4 dxe5 14. fxe5 Ng4 15. e6 Nde5 16. exf7+ Nxf7 17. Bxg7 Qxd2+ 18. Kxd2 Kxg7 19. Nxf7 Rxf7 20. Bd3 Bb7 21. a3 bxa3 22. Rxa3 e5 23. Rg1 e4 24. Be2 Nh6 25. g4 hxg4 26. Bxg4 Rd8+ 27. Ke1 a6 28. Ne3 Rd6 29. h5 Nxg4 30. Rxg4 Bc8 31. hxg6 Re7 32. Rf4 Kxg6 33. Rf8 Rc6 34. Nd5 Re5 35. Rg3+ Kh7 36. Nf6+ Rxf6 37. Rxf6 Rh5 38. Rf7+ Kh6 39. Rf8 1-0

[Event "Dundee 150"]
[Site "Dundee"]
[Date "2017.07.17"]
[Round "4"]
[White "McNab, Colin Anderson"]
[Black "Williams, Simon Kim"]
[Result "0-1"]
[WhiteElo "2435"]
[BlackElo "2442"]
[PlyCount "66"]
[EventDate "2017.07.14"]
[EventType "tourn"]
[EventRounds "9"]
[EventCountry "SCO"]
[EventCategory "8"]
[SourceTitle "CBM 179 Extra"]
[Source "ChessBase"]
[SourceDate "2017.08.23"]
[SourceVersion "1"]
[SourceVersionDate "2017.08.23"]
[SourceQuality "1"]

1. c4 b6 2. Nc3 Bb7 3. e4 e6 4. g3 f5 5. Bg2 Nf6 6. d3 fxe4 7. Nge2 Nc6 8. dxe4 Bc5 9. 0-0 0-0 10. h3 Ne5 11. b3 Qe8 12. Bf4 Qh5 13. Bxe5 Qxe5 14. Qd3 g5 15. Rad1 Rf7 16. Nd4 g4 17. h4 Raf8 18. Qe3 Nh5 19. Na4 Be7 20. Nb2 c5 21. Nb5 Qxb2 22. Rxd7 Bc6 23. Rxa7 Bxb5 24. cxb5 Qd4 25. Qe2 Qg7 26. Qc4 Qe5 27. Qe2 Nxg3 28. fxg3 Rxf1+ 29. Bxf1 Qxg3+ 30. Qg2 Qxh4 31. e5 Bg5 32. Qe2 Qg3+ 33. Kh1 Be3 0-1

[Event "BCF-chT1b 1617 (4NCL)"]
[Site "England"]
[Date "2017.02.11"]
[Round "5.62"]
[White "Jackson, James P"]
[Black "McNab, Colin Anderson"]
[Result "0-1"]
[WhiteElo "2290"]
[BlackElo "2433"]
[PlyCount "78"]
[EventDate "2016.11.19"]
[EventType "team-tourn"]
[EventRounds "7"]
[EventCountry "ENG"]
[SourceTitle "EXT 2018"]
[Source "ChessBase"]
[SourceDate "2017.10.13"]
[SourceVersion "1"]
[SourceVersionDate "2017.10.13"]
[SourceQuality "1"]
[WhiteTeam "Barbican II"]
[BlackTeam "White Rose"]
[WhiteTeamCountry "ENG"]
[BlackTeamCountry "ENG"]

1. e4 g6 2. d4 d6 3. Nf3 Nf6 4. Bd3 Bg7 5. 0-0 0-0 6. Re1 Nc6 7. c3 e5 8. h3 h6 9. Na3 Re8 10. Nc2 Bd7 11. a4 a5 12. Na3 exd4 13. cxd4 Nb4 14. Bb1 Re7 15. Nd2 Bc6 16. Nb5 Qe8 17. Nc3 Rd8 18. f3 Kh7 19. Nf1 Nfd5 20. Re2 Nb6 21. Be3 Qh8 22. Bf2 Rde8 23. Bc2 Bd7 24. Ng3 Nxc2 25. Rxc2 c6 26. Qd3 d5 27. exd5 Nxd5 28. Nxd5 cxd5 29. Rc5 b6 30. Rxd5 Rd8 31. Rd6 Be6 32. Rxb6 Rxd4 33. Qa6 Rd2 34. Ne4 Rxb2 35. Rxb2 Bxb2 36. Re1 Qd8 37. Kh1 Bd5 38. Rd1 Rd7 39. Bb6 Bxe4 0-1

[Event "BCF-chT1b 1617 (4NCL)"]
[Site "England"]
[Date "2017.01.14"]
[Round "3.52"]
[White "Van Kampen, Robin"]
[Black "McNab, Colin Anderson"]
[Result "1-0"]
[WhiteElo "2640"]
[BlackElo "2433"]
[PlyCount "81"]
[EventDate "2016.11.19"]
[EventType "team-tourn"]
[EventRounds "7"]
[EventCountry "ENG"]
[SourceTitle "EXT 2018"]
[Source "ChessBase"]
[SourceDate "2017.10.13"]
[SourceVersion "1"]
[SourceVersionDate "2017.10.13"]
[SourceQuality "1"]
[WhiteTeam "Guildford"]
[BlackTeam "White Rose"]
[WhiteTeamCountry "ENG"]
[BlackTeamCountry "ENG"]

1. e4 g6 2. d4 Bg7 3. Nc3 d6 4. Be3 Nf6 5. Qd2 c6 6. Bh6 Bxh6 7. Qxh6 Qa5 8. Bd3 c5 9. Nf3 cxd4 10. Nxd4 Nc6 11. Bb5 Bd7 12. 0-0-0 Rc8 13. Kb1 Ne5 14. Nb3 Qc7 15. Bxd7+ Qxd7 16. Rhe1 Qc6 17. f4 Nc4 18. Rd3 Nd7 19. Qg7 Rf8 20. Qxh7 Nc5 21. Nxc5 Qxc5 22. Qh3 e6 23. Re2 Rc6 24. Nd1 Rb6 25. b3 Na3+ 26. Kc1 Nb5 27. a4 Qa3+ 28. Kb1 Qxa4 29. bxa4 Nc3+ 30. Kc1 Nxe2+ 31. Kd2 Nxf4 32. Qh4 Nxd3 33. Kxd3 Rb1 34. Nc3 Rf1 35. Ke2 Rc1 36. Kd2 Rf1 37. Nb5 Kd7 38. e5 Rf5 39. Qd4 Rd8 40. Qxd6+ Kc8 41. Nxa7# 1-0

[Event "Olympiad-42"]
[Site "Baku"]
[Date "2016.09.10"]
[Round "8.3"]
[White "Sulskis, Sarunas"]
[Black "McNab, Colin Anderson"]
[Result "1/2-1/2"]
[WhiteElo "2519"]
[BlackElo "2434"]
[PlyCount "91"]
[EventDate "2016.09.02"]
[EventType "team-swiss"]
[EventRounds "11"]
[EventCountry "AZE"]
[SourceTitle "CBM 175"]
[Source "ChessBase"]
[SourceDate "2016.11.10"]
[SourceVersion "1"]
[SourceVersionDate "2016.11.10"]
[SourceQuality "1"]
[WhiteTeam "Lithuania"]
[BlackTeam "Scotland"]
[WhiteTeamCountry "LTU"]
[BlackTeamCountry "SCO"]

1. d4 g6 2. e4 Bg7 3. c4 d6 4. Nc3 e5 5. Nf3 Nc6 6. d5 Nd4 7. Nxd4 exd4 8. Nb5 Qe7 9. Bd3 c6 10. Na3 Nf6 11. 0-0 0-0 12. Nc2 c5 13. Bf4 Nh5 14. Bd2 f5 15. exf5 Bxf5 16. Ne1 Bd7 17. Nf3 Bg4 18. Qe1 Qxe1 19. Nxe1 Nf4 20. Bxf4 Rxf4 21. h3 Bd7 22. g3 Rf7 23. Kg2 Re8 24. Nc2 Rfe7 25. Rad1 a6 26. Rfe1 b5 27. Rxe7 Rxe7 28. Re1 Rxe1 29. Nxe1 b4 30. f4 Bf6 31. g4 Kg7 32. Nf3 h6 33. b3 a5 34. Bc2 g5 35. Kg3 Be8 36. Bf5 a4 37. Ne1 a3 38. Nd3 gxf4+ 39. Kxf4 Bg5+ 40. Kf3 Be3 41. Ne1 Kf6 42. Ke2 Ke5 43. Nd3+ Kf6 44. Ne1 Ke5 45. Nd3+ Kf6 46. Ne1 1/2-1/2

[Event "Olympiad-42"]
[Site "Baku"]
[Date "2016.09.06"]
[Round "5.3"]
[White "Nabaty, Tamir"]
[Black "McNab, Colin Anderson"]
[Result "1-0"]
[WhiteElo "2630"]
[BlackElo "2434"]
[PlyCount "95"]
[EventDate "2016.09.02"]
[EventType "team-swiss"]
[EventRounds "11"]
[EventCountry "AZE"]
[SourceTitle "CBM 175"]
[Source "ChessBase"]
[SourceDate "2016.11.10"]
[SourceVersion "1"]
[SourceVersionDate "2016.11.10"]
[SourceQuality "1"]
[WhiteTeam "Israel"]
[BlackTeam "Scotland"]
[WhiteTeamCountry "ISR"]
[BlackTeamCountry "SCO"]

1. e4 g6 2. d4 Bg7 3. Nc3 d6 4. Be3 Nf6 5. f3 c6 6. Qd2 Qa5 7. 0-0-0 b5 8. Kb1 Nbd7 9. Bh6 Bxh6 10. Qxh6 Nb6 11. Nce2 Nc4 12. Nc1 Qc7 13. g4 Bd7 14. Nh3 0-0-0 15. Bxc4 bxc4 16. Ne2 Kb7 17. Qd2 c5 18. Nhf4 g5 19. Ng2 h5 20. h3 hxg4 21. hxg4 cxd4 22. Qxd4 Qb6 23. Ne3 Qxd4 24. Nxd4 Rxh1 25. Rxh1 e5 26. Ndf5 Bxf5 27. gxf5 d5 28. Rh6 Rd6 29. exd5 e4 30. fxe4 Nxe4 31. Rh7 Rf6 32. Rg7 Kc7 33. c3 Kd6 34. Nxc4+ Kxd5 35. Ne3+ Ke5 36. Kc2 Kf4 37. Nd5+ Kxf5 38. Nxf6 Kxf6 39. Rg8 Ke5 40. b4 f5 41. c4 g4 42. c5 g3 43. Kd3 Kd5 44. Rg6 f4 45. c6 f3 46. c7 f2 47. Ke2 Nd2 48. Rf6 1-0

[Event "Olympiad-42"]
[Site "Baku"]
[Date "2016.09.03"]
[Round "2.3"]
[White "McNab, Colin Anderson"]
[Black "Shankland, Samuel L"]
[Result "1/2-1/2"]
[WhiteElo "2434"]
[BlackElo "2679"]
[PlyCount "101"]
[EventDate "2016.09.02"]
[EventType "team-swiss"]
[EventRounds "11"]
[EventCountry "AZE"]
[SourceTitle "CBM 175"]
[Source "ChessBase"]
[SourceDate "2016.11.10"]
[SourceVersion "1"]
[SourceVersionDate "2016.11.10"]
[SourceQuality "1"]
[WhiteTeam "Scotland"]
[BlackTeam "United States"]
[WhiteTeamCountry "SCO"]
[BlackTeamCountry "USA"]

1. Nf3 c5 2. c4 Nf6 3. g3 Nc6 4. Bg2 d5 5. cxd5 Nxd5 6. Nc3 Nc7 7. b3 e5 8. Bb2 f6 9. Rc1 Bg4 10. d3 Qd7 11. Na4 b6 12. a3 0-0-0 13. Qc2 Nd5 14. b4 cxb4 15. Qxc6+ Qxc6 16. Rxc6+ Kb7 17. Rc4 Bxf3 18. Bxf3 b5 19. axb4 bxa4 20. Kd2 Ka6 21. Bxd5 Rxd5 22. Bc3 Kb5 23. Rc7 Rd6 24. Rc5+ Kb6 25. Ra1 Kb7 26. Rxa4 Rb6 27. Rd5 Bd6 28. b5 Rd8 29. Rc4 Be7 30. Rxd8 Bxd8 31. Ba5 Rd6 32. Bxd8 Rxd8 33. Kc3 Kb6 34. Kb4 Rd6 35. h4 h5 36. g4 hxg4 37. Rxg4 Rd5 38. Rxg7 Rd4+ 39. Kc3 Rxh4 40. Rf7 Rf4 41. f3 Kxb5 42. Rxa7 Kc6 43. Rg7 Kd6 44. Rg4 Rf5 45. Ra4 Rh5 46. f4 Rh2 47. Ra6+ Ke7 48. fxe5 fxe5 49. e4 Rh8 50. Kc4 Rd8 51. Rh6 1/2-1/2

[Event "SCO-ch 123rd"]
[Site "Glasgow"]
[Date "2016.07.10"]
[Round "2"]
[White "Orr, Mark JL"]
[Black "McNab, Colin Anderson"]
[Result "1/2-1/2"]
[WhiteElo "2166"]
[BlackElo "2438"]
[PlyCount "54"]
[EventDate "2016.07.09"]
[EventType "swiss"]
[EventRounds "9"]
[EventCountry "SCO"]
[SourceTitle "CBM 173 Extra"]
[Source "ChessBase"]
[SourceDate "2016.08.29"]
[SourceVersion "1"]
[SourceVersionDate "2016.08.29"]
[SourceQuality "1"]

1. c4 g6 2. Nc3 Bg7 3. g3 e5 4. Bg2 Ne7 5. e4 d6 6. Nge2 Nbc6 7. d3 0-0 8. 0-0 Be6 9. Nd5 Qd7 10. Bh6 f6 11. Bxg7 Kxg7 12. d4 exd4 13. Nxd4 Nxd4 14. Qxd4 c5 15. Qd2 Nxd5 16. exd5 Bf5 17. Rfe1 Rae8 18. b3 b6 19. Bf1 Rf7 20. Rxe8 Qxe8 21. Re1 Re7 22. Rxe7+ Qxe7 23. Bd3 Bxd3 24. Qxd3 Qe5 25. h4 f5 26. Qd2 h6 27. Kg2 Qe4+ 1/2-1/2

[Event "SCO-ch 123rd"]
[Site "Glasgow"]
[Date "2016.07.09"]
[Round "1"]
[White "McNab, Colin Anderson"]
[Black "Birkett, Richard"]
[Result "1-0"]
[WhiteElo "2438"]
[BlackElo "2053"]
[PlyCount "91"]
[EventDate "2016.07.09"]
[EventType "swiss"]
[EventRounds "9"]
[EventCountry "SCO"]
[SourceTitle "CBM 173 Extra"]
[Source "ChessBase"]
[SourceDate "2016.08.29"]
[SourceVersion "1"]
[SourceVersionDate "2016.08.29"]
[SourceQuality "1"]

1. c4 e5 2. Nc3 Nc6 3. g3 f5 4. Bg2 Nf6 5. d3 Bb4 6. Nf3 Qe7 7. 0-0 Bxc3 8. bxc3 0-0 9. Qb3 d6 10. c5+ d5 11. e4 fxe4 12. dxe4 Na5 13. Qa4 dxe4 14. Ng5 Nc6 15. Nxe4 Nxe4 16. Bxe4 Bh3 17. Re1 Qxc5 18. Qb3+ Kh8 19. Be3 Qa5 20. Qxb7 Ne7 21. Qb4 Qxb4 22. cxb4 c6 23. Bc5 Rf7 24. Bxe7 Rxe7 25. b5 Rc8 26. bxc6 g6 27. Rab1 Kg7 28. Rb7 Rcc7 29. Reb1 Bc8 30. Rxc7 Rxc7 31. Rb7 Rf7 32. Rb8 Rc7 33. f3 Kf6 34. g4 Ke7 35. Kf2 Be6 36. a3 Bc8 37. Ke3 Kd6 38. h4 Kc5 39. Rb7 Kd6 40. Rxc7 Kxc7 41. f4 exf4+ 42. Kxf4 Kd6 43. Kg5 Ke5 44. Bf3 a5 45. Kh6 Kf4 46. Bd1 1-0

[Event "BCF-chT1c 1516 (4NCL) Promotion pool"]
[Site "England"]
[Date "2016.05.02"]
[Round "11.136"]
[White "Sanders, Isaac B"]
[Black "McNab, Colin Anderson"]
[Result "1/2-1/2"]
[WhiteElo "2326"]
[BlackElo "2439"]
[PlyCount "49"]
[EventDate "2015.11.14"]
[EventType "team-tourn"]
[EventRounds "4"]
[EventCountry "ENG"]
[SourceTitle "EXT 2017"]
[Source "ChessBase"]
[SourceDate "2016.10.25"]
[SourceVersion "1"]
[SourceVersionDate "2016.10.25"]
[SourceQuality "1"]
[WhiteTeam "Barbican"]
[BlackTeam "White Rose"]
[WhiteTeamCountry "ENG"]
[BlackTeamCountry "ENG"]

1. e4 g6 2. Nc3 Bg7 3. f4 d6 4. Nf3 Nc6 5. Bc4 Nf6 6. d3 0-0 7. 0-0 Na5 8. Bb3 e5 9. Qe1 c6 10. fxe5 dxe5 11. Qh4 Nxb3 12. axb3 Nh5 13. Qxd8 Rxd8 14. Be3 a6 15. Na4 Bg4 16. Nb6 Rab8 17. Bc5 Nf4 18. Be7 Re8 19. Bd6 Rbd8 20. Bc7 Bxf3 21. Rxf3 Rd4 22. Nc4 Re7 23. Bb6 Rdd7 24. Bc5 Re6 25. Raf1 1/2-1/2

[Event "BCF-chT1c 1516 (4NCL) Promotion pool"]
[Site "England"]
[Date "2016.03.20"]
[Round "8.125"]
[White "Pein, Malcolm"]
[Black "McNab, Colin Anderson"]
[Result "1/2-1/2"]
[WhiteElo "2357"]
[BlackElo "2439"]
[PlyCount "41"]
[EventDate "2015.11.14"]
[EventType "team-tourn"]
[EventRounds "4"]
[EventCountry "ENG"]
[SourceTitle "CBM 171 Extra"]
[Source "ChessBase"]
[SourceDate "2016.04.26"]
[SourceVersion "1"]
[SourceVersionDate "2016.04.26"]
[SourceQuality "1"]
[WhiteTeam "Wood Green"]
[BlackTeam "White Rose"]
[WhiteTeamCountry "ENG"]
[BlackTeamCountry "ENG"]

1. d4 d6 2. Nf3 g6 3. c4 Bg7 4. Nc3 e5 5. e4 Nc6 6. dxe5 dxe5 7. Qxd8+ Kxd8 8. Bg5+ f6 9. Rd1+ Bd7 10. Be3 Kc8 11. Be2 Nh6 12. 0-0 Be6 13. Nd5 Nf7 14. Nd2 Nd4 15. Bxd4 exd4 16. Nb3 Re8 17. Nxd4 Bd7 18. Nc3 c6 19. f4 Kc7 20. Bf3 Rad8 21. Rfe1 1/2-1/2

[Event "BCF-chT1b 1516 (4NCL)"]
[Site "England"]
[Date "2016.03.19"]
[Round "7.165"]
[White "McNab, Colin Anderson"]
[Black "Graham, David Bruce"]
[Result "1-0"]
[WhiteElo "2439"]
[BlackElo "2111"]
[PlyCount "79"]
[EventDate "2015.11.14"]
[EventType "team-swiss"]
[EventRounds "11"]
[EventCountry "ENG"]
[SourceTitle "CBM 171 Extra"]
[Source "ChessBase"]
[SourceDate "2016.04.26"]
[SourceVersion "1"]
[SourceVersionDate "2016.04.26"]
[SourceQuality "1"]
[WhiteTeam "White Rose"]
[BlackTeam "Sussex Martlets"]
[WhiteTeamCountry "ENG"]
[BlackTeamCountry "ENG"]

1. c4 g6 2. g3 Bg7 3. Bg2 d6 4. Nc3 Nf6 5. e4 0-0 6. Nge2 Nc6 7. 0-0 e5 8. d3 Nh5 9. Be3 f5 10. Qd2 Be6 11. exf5 gxf5 12. f4 Nf6 13. h3 Qd7 14. Rae1 Rae8 15. b3 Bf7 16. Kh2 Bg6 17. Bf2 a6 18. d4 exd4 19. Nxd4 Ne4 20. Nxe4 fxe4 21. Nxc6 bxc6 22. Bd4 h5 23. Rd1 Bxd4 24. Qxd4 Qg7 25. Qe3 Bf5 26. Rf2 Rf6 27. Bf1 c5 28. Be2 Rh6 29. a3 Qd7 30. Rg1 Kh7 31. Bf1 Qg7 32. Rd2 c6 33. b4 cxb4 34. axb4 Rb8 35. b5 axb5 36. cxb5 cxb5 37. Rd5 Qd7 38. Rxf5 Qxf5 39. Qa7+ Kg6 40. Qxb8 1-0

[Event "BCF-chT1b 1516 (4NCL)"]
[Site "England"]
[Date "2016.02.14"]
[Round "6.162"]
[White "Buchicchio, Giampaolo"]
[Black "McNab, Colin Anderson"]
[Result "1/2-1/2"]
[WhiteElo "2313"]
[BlackElo "2439"]
[PlyCount "76"]
[EventDate "2015.11.14"]
[EventType "team-swiss"]
[EventRounds "11"]
[EventCountry "ENG"]
[SourceTitle "CBM 170 Extra"]
[Source "ChessBase"]
[SourceDate "2016.02.25"]
[SourceVersion "1"]
[SourceVersionDate "2016.02.25"]
[SourceQuality "1"]
[WhiteTeam "Barbican II"]
[BlackTeam "White Rose"]
[WhiteTeamCountry "ENG"]
[BlackTeamCountry "ENG"]

1. e4 g6 2. d4 Bg7 3. Nc3 d6 4. Be3 Nf6 5. Qd2 c6 6. Bh6 Bxh6 7. Qxh6 Qa5 8. Bd3 c5 9. d5 Nbd7 10. Nf3 c4 11. Bxc4 Qc5 12. Bd3 Qxf2+ 13. Kxf2 Ng4+ 14. Kg3 Nxh6 15. Rhe1 0-0 16. h3 Nc5 17. Bc4 Bd7 18. b4 Na6 19. Bxa6 bxa6 20. Nd1 Rfc8 21. c3 Rab8 22. a3 e5 23. dxe6 Bxe6 24. Nd4 Rc4 25. Rc1 Rbc8 26. Nb3 Kg7 27. Kf3 f6 28. Ke3 Nf7 29. Nd2 R4c7 30. Nf3 Ne5 31. Nxe5 dxe5 32. Kd2 Bb3 33. Ne3 Kf7 34. Rf1 Ke6 35. Rf3 Rd7+ 36. Ke1 Rdc7 37. Kd2 Rd7+ 38. Ke1 Rdc7 1/2-1/2

[Event "BCF-chT1b 1516 (4NCL)"]
[Site "England"]
[Date "2016.02.13"]
[Round "5.152"]
[White "McNab, Colin Anderson"]
[Black "Jones, Gawain C B"]
[Result "0-1"]
[WhiteElo "2439"]
[BlackElo "2629"]
[PlyCount "78"]
[EventDate "2015.11.14"]
[EventType "team-swiss"]
[EventRounds "11"]
[EventCountry "ENG"]
[SourceTitle "CBM 170 Extra"]
[Source "ChessBase"]
[SourceDate "2016.02.25"]
[SourceVersion "1"]
[SourceVersionDate "2016.02.25"]
[SourceQuality "1"]
[WhiteTeam "White Rose"]
[BlackTeam "Guildford"]
[WhiteTeamCountry "ENG"]
[BlackTeamCountry "ENG"]

1. Nf3 d5 2. g3 Nc6 3. d4 Bg4 4. Bg2 Qd7 5. Nc3 e6 6. 0-0 Bxf3 7. Bxf3 f5 8. Bg5 Be7 9. Bxe7 Ncxe7 10. e3 Nf6 11. Ne2 g5 12. Nc1 Ng6 13. Nd3 c6 14. c4 h5 15. Nc5 Qe7 16. Qb3 b6 17. Nd3 h4 18. cxd5 cxd5 19. Qb5+ Kf7 20. Rfc1 Rac8 21. a4 hxg3 22. hxg3 f4 23. Ne5+ Nxe5 24. dxe5 Nd7 25. Rxc8 Rxc8 26. Qd3 Kg7 27. exf4 gxf4 28. gxf4 Nc5 29. Qf1 Qh4 30. Qg2+ Kf7 31. Qh2 Rg8+ 32. Kh1 Rh8 33. Qxh4 Rxh4+ 34. Kg2 Rxf4 35. a5 Kg6 36. axb6 axb6 37. Rh1 Nd3 38. Kg3 Rb4 39. Bg4 Rxg4+ 0-1